| 000 | 00464nam a2200157 a 4500 | ||
|---|---|---|---|
| 001 | 000022158 | ||
| 005 | 20200930011616.0 | ||
| 008 | 100917s1976 dr 001 0 spa d | ||
| 040 |
_aDO-SdBNP _bspa _cBNPHU |
||
| 082 |
_axxxx _bG615g |
||
| 100 | 1 |
_aGoico Castro, Manuel de Jésus _923255 |
|
| 245 | 1 | 3 |
_aLa generación del 51 / _cManuel de Jésus Goico Castro. |
| 260 |
_aSanto Domingo : _bImprenta Compostela, _c1976. |
||
| 300 |
_a26 p. ; _c22 cm. |
||
| 049 | _aBNPD | ||
| 999 |
_c21656 _d21656 |
||